Introducción al estudio de la mecánica, materia y ondas: tratado moderno de mecánica y terminología para los cursos intermedios de enseñanza superior

Saved in:
Bibliografiske detaljer
Main Authors: Ingard, Uno (Author), Kraushaar, William L (Author)
Format: Bog
Sprog:spansk
Udgivet: Barcelona Reverté 1966
Fag:
Tags: Tilføj Tag
Ingen Tags, Vær først til at tagge denne postø!

MARC

LEADER 00000nam a2200000 a 4500
001 UCL2545
003 CL-VaPUC
008 031024e19660000SP |||||||||||||||||spa|d
082 0 4 |a 531  |b ING  |2 21 
100 0 |a Ingard, Uno  |e author  |9 479668 
700 0 |a Kraushaar, William L  |e author  |9 479669 
245 1 0 |a Introducción al estudio de la mecánica, materia y ondas: tratado moderno de mecánica y terminología para los cursos intermedios de enseñanza superior 
300 |a 728 p 
942 |c BK 
945 |d 20031024 00:00:00  |a cmena 
260 |a Barcelona  |b Reverté  |c 1966 
650 0 |a Mecánica   |9 260096 
650 0 |a Materia  |9 265041 
650 7 |a FUERZAS  |2 CL-VaPUC  |9 360776 
650 0 |a Movimiento  |9 322237 
650 7 |a TEMPERATURA  |2 CL-VaPUC  |9 479670 
650 0 |a Calor específico  |9 259409 
650 0 |a Átomos  |9 259583 
650 0 |a Moléculas   |9 259584 
650 0 |a Cinética  |9 260943 
650 0 |a Gases  |9 260945 
650 0 |a Estados de la Materia  |9 347141 
650 0 |a Termodinámica   |9 259320 
650 0 |a Mecánica de fluidos   |9 259464 
583 |a last modification  |c 20031024 00:00:00  |k Rodrigo Vera 
999 |c 305842  |d 305840 
952 |0 0  |1 0  |4 0  |6 531_000000000000000_ING_1966  |7 0  |8 A  |9 370315  |a BIBCUR  |b BIBCUR  |d 2019-11-21  |i 2083515  |o 531 ING 1966  |p 2083515  |r 2025-04-22  |w 2019-11-21  |y BK  |k FIS